00425nam a2200157Ia 450000500170000000800410001704000190005804100120007708200160008924500510010526000270015630000150018344000380019870000210023685000100025720230520120701.0131103s9999 xx 000 0 und d aLoreto College aEnglish a824.08bJEP aEssays by modern writerscedited by R.W.Jepson aLondonbLongmansc1963 axi,212 p.  aThe Heritage Of Literature Series aJepson,R.W.4ed. aLCLIB